Rezervy v účtovníctve podnikateľov
Rezervy sú záväzky s neistým časovým vymedzením alebo výškou, ktoré sa tvoria na krytie známych rizík alebo strát. Rezervy sa tvoria v očakávanej výške záväzku. Tvorba a zúčtovanie zákonnej rezervy. Daňová rezerva - nevyfakturovaná dodávka tovaru.
Saved in:
| Main Author: | |
|---|---|
| Format: | Book Chapter |
| Language: | Slovak |
| Subjects: | |
| Tags: |
No Tags, Be the first to tag this record!
|
MARC
| LEADER | 00000nla a2200000 4500 | ||
|---|---|---|---|
| 001 | 0156618 | ||
| 005 | 20240502072732.9 | ||
| 041 | 0 | |a slo | |
| 044 | |a SK | ||
| 245 | 1 | 0 | |a Rezervy v účtovníctve podnikateľov |c Ingrid Šabíková |
| 520 | |a Rezervy sú záväzky s neistým časovým vymedzením alebo výškou, ktoré sa tvoria na krytie známych rizík alebo strát. Rezervy sa tvoria v očakávanej výške záväzku. Tvorba a zúčtovanie zákonnej rezervy. Daňová rezerva - nevyfakturovaná dodávka tovaru. | ||
| 610 | 2 | 0 | |a účtovanie |
| 610 | 2 | 0 | |a účtovníctvo |
| 610 | 2 | 0 | |a rezervy |
| 610 | 2 | 0 | |a podnikanie |
| 610 | 2 | 0 | |a podnikatelia |
| 100 | 1 | |a Šabíková, Ingrid | |